<?xml version="1.0" encoding="UTF-8"?><?xml-stylesheet type="text/xsl" href="static/style.xsl"?><OAI-PMH xmlns="http://www.openarchives.org/OAI/2.0/" xmlns:xsi="http://www.w3.org/2001/XMLSchema-instance" xsi:schemaLocation="http://www.openarchives.org/OAI/2.0/ http://www.openarchives.org/OAI/2.0/OAI-PMH.xsd"><responseDate>2026-06-29T03:13:08Z</responseDate><request verb="GetRecord" identifier="oai:docta.ucm.es:20.500.14352/101878" metadataPrefix="marc">https://docta.ucm.es/rest/oai/request</request><GetRecord><record><header><identifier>oai:docta.ucm.es:20.500.14352/101878</identifier><datestamp>2025-03-18T15:25:30Z</datestamp><setSpec>com_20.500.14352_14</setSpec><setSpec>col_20.500.14352_15</setSpec></header><metadata><record xmlns="http://www.loc.gov/MARC21/slim" xmlns:dcterms="http://purl.org/dc/terms/" xmlns:xsi="http://www.w3.org/2001/XMLSchema-instance" xmlns:doc="http://www.lyncode.com/xoai" xsi:schemaLocation="http://www.loc.gov/MARC21/slim http://www.loc.gov/standards/marcxml/schema/MARC21slim.xsd">
   <leader>00925njm 22002777a 4500</leader>
   <datafield ind2=" " ind1=" " tag="042">
      <subfield code="a">dc</subfield>
   </datafield>
   <datafield ind2=" " ind1=" " tag="720">
      <subfield code="a">Castro Chao, Noelia</subfield>
      <subfield code="e">author</subfield>
   </datafield>
   <datafield ind2=" " ind1=" " tag="260">
      <subfield code="c">2022</subfield>
   </datafield>
   <datafield ind2=" " ind1=" " tag="520">
      <subfield code="a">The present study is concerned with the syntactic and semantic development of the impersonal verb "hunger" in Early Modern English. An analysis of corpus data has been carried out on ca. 20 million words drawn from EEBOCorp 1.0 (1473–1700). Results show that, from a semantic perspective, the verb "hunger" undergoes a process of metaphorical extension involving a change from the original meaning ‘to feel hunger’, in the domain of Physical Sensation, to the meaning ‘to desire’, in the domain of Emotion. In this latter sense, the verb becomes predominantly associated with prepositional complements (e.g. 1542, "our hungry soules [...] hunger for y^ word of God"). Also in the course of the Early Modern period, the verb is subject to competition with the adjectival periphrasis "be hungry", especially in the sense ‘to feel hunger’. The article concludes by putting forward hypotheses to explain the motivations for these various developments.</subfield>
   </datafield>
   <datafield ind1="8" ind2=" " tag="024">
      <subfield code="a">Castro Chao, N. «Constructions in Competition: The Development of the Impersonal Verb Hunger and the Adjectival Periphrasis Be Hungry in Early Modern English». Studia Neophilologica, vol. 94, n.o 3, septiembre de 2022, pp. 273-96. DOI.org (Crossref), https://doi.org/10.1080/00393274.2020.1851297.</subfield>
   </datafield>
   <datafield ind1="8" ind2=" " tag="024">
      <subfield code="a">0039-3274</subfield>
   </datafield>
   <datafield ind1="8" ind2=" " tag="024">
      <subfield code="a">10.1080/00393274.2020.1851297</subfield>
   </datafield>
   <datafield ind1="8" ind2=" " tag="024">
      <subfield code="a">https://hdl.handle.net/20.500.14352/101878</subfield>
   </datafield>
   <datafield ind1="8" ind2=" " tag="024">
      <subfield code="a">1651-2308</subfield>
   </datafield>
   <datafield ind1="8" ind2=" " tag="024">
      <subfield code="a">https//doi.org/10.1080/00393274.2020.1851297</subfield>
   </datafield>
   <datafield ind1="8" ind2=" " tag="024">
      <subfield code="a">https://www.tandfonline.com/doi/full/10.1080/00393274.2020.1851297</subfield>
   </datafield>
   <datafield ind1="8" ind2=" " tag="024">
      <subfield code="a">https://www.tandfonline.com/</subfield>
   </datafield>
   <datafield ind2="0" ind1="0" tag="245">
      <subfield code="a">Constructions in competition: The development of the impersonal verb "hunger" and the adjectival periphrasis "be hungry" in Early Modern English</subfield>
   </datafield>
</record></metadata></record></GetRecord></OAI-PMH>